000 00788nam a2200265Ia 4500
003 OSt
005 20220928124311.0
006 a|||||r|||| 00| 0
007 ta
008 220927b |||||||| |||| 00| 0 eng d
020 _c3586.6395000000002
024 _a109284
037 _b66, 22/09/2010, Aviva Books Company
_cTextual
040 _aSDCL
_cSDCL
_beng
041 _2eng
_aeng
082 _aB280bX, Q1
100 _aBlack Ken
_9464258
245 0 _aApplied business statistics
_b Making better business decisions.
250 _a6
260 _aHoboken
_bJohn Wiley
_c2011
300 _axv,836p
_ccm.
650 _aBusiness Economics
_9391653
942 _hB280bX, Q1
_cTEXL
_2CC
999 _c777146
_d777146